Todavía hay fantasmas / (Registro nro. 9636)
[ vista simple ]
| 000 -LIDER | |
|---|---|
| fixed length control field | 00807nam a2200289 4500 |
| 001 - NÚMERO DE CONTROL | |
| Identificador de número de control | 420122 |
| 003 - IDENTIFICACDOR DE NÚMERO DE CONTROL | |
| control field | DO-SdBNP |
| 005 - DATE AND TIME OF LATEST TRANSACTION | |
| control field | 20180124091338.0 |
| 007 - CAMPOS FIJOS DE DESCRIPCIÓN FÍSICA | |
| fixed length control field | 420122 |
| 008 - ELEMENTOS DE LONGITUD FIJA | |
| fixed length control field | 921127s1981 sp spa d |
| 016 7# - NO. DE CONTROL DE LA AGENCIA BIB. NACIONAL | |
| Record control number | |
| Canceled/invalid record control number | |
| Source | BPMSU |
| 017 ## - NÚMERO DE REGISTRO DE DERECHOS DE AUTOR | |
| Copyright or legal deposit number | |
| Assigning agency | |
| 020 ## - ISBN | |
| International Standard Book Number | 8424677234 |
| 035 ## - NÚMERO LOCAL | |
| System control number | |
| 040 ## - FUENTE DE CATALOGACIÓN | |
| Agencia que crea de manera original el registro | BPMSU |
| Idioma de catalogación | spa |
| Agencia que realiza la transcripción | BPMSU |
| 080 #4 - NÚMERO DE CLASIFICACIÓN DECIMAL UNIVERSAL | |
| Universal Decimal Classification number | |
| 100 1# - ASIENTO PRINCIPAL -- NOMBRE PERSONAL | |
| Nombre personal | Lang, Othmar Franz |
| 245 10 - MENCIÓN DE TITULO | |
| Título | Todavía hay fantasmas / |
| Medio (Designación general de material) | |
| Mención de responsabilidad | Othmar Franz Lang ; ilustraciones Traudl i Walter Reiner ; versión castellana, traducida Juan Godó Costa |
| 260 ## - PUBLICACIÓN, DISTRIBUCIÓN, ETC. (PIE DE IMPRENTA) | |
| Lugar de publicación, distribución, etc | Barcelona : |
| Nombre del editor, distribuidor, etc. | La Galera, |
| Fecha de publicación, distribución, etc | 1981 |
| 300 ## - DESCRIPCIÓN FÍSICA | |
| Extensión | 188 p.: |
| Otros detalles físicos | il.: |
| Dimensiones | 21 cm |
| 500 4# - NOTA GENERAL | |
| Nota general | |
| 700 11 - ASIENTO SECUNDARIO -- NOMBRE PERSONAL | |
| Nombre personal | Reiner, Traudl |
| Mención de responsabilidad | il. |
| 700 11 - ASIENTO SECUNDARIO -- NOMBRE PERSONAL | |
| Nombre personal | Godó Costa, Juan |
| Mención de responsabilidad | tr. |
| 942 ## - ADDED ENTRY ELEMENTS (KOHA) | |
| Source of classification or shelving scheme | Dewey Decimal Classification |
| Koha item type | Libros |
| 945 ## - INFORMACIÓN DE PROCESAMIENTO LOCAL | |
| Información de procesamiento local | Inventariado, 2018 / YL |
| 956 ## - LOCAL ELECTRONIC LOCATION AND ACCESS (OCLC) | |
| Nombre de host | VMATEO |
| Número de acceso | 10 |
| Información de compresión | BPMSU |
| Withdrawn status | Lost status | Source of classification or shelving scheme | Damaged status | Not for loan | Collection code | Home library | Current library | Date acquired | Source of acquisition | Total Checkouts | Barcode | Date last seen | Price effective from | Koha item type |
|---|---|---|---|---|---|---|---|---|---|---|---|---|---|---|
| Dewey Decimal Classification | Colección Juvenil General | Biblioteca Pública Metropolitana Salomé Ureña | Biblioteca Pública Metropolitana Salomé Ureña | 04/07/2016 | FUNDI | BPMET16040226 | 04/07/2016 | 04/07/2016 | Libros |